000 00431nam a22001697a 4500
020 _a8185185-20-4
082 _a530
_bKUM/A
100 _aRAMESH KUMAR
100 _aMEHTA, SUBHASH
245 _aDICTIONARY OF ELECTRONICS
_bELECTRONICS
246 _aDICTIONARY OF ELECTRONICS
_bELECTRONICS
260 _aDELHI
_bACADEMIC (INDIA) PUBLISHERS
_c2002
300 _a468
520 _aELECTRONICS
650 _aELECTRONICS
942 _cBK
999 _c1392
_d1392